000
00201nam a2200097Ia 4500
008
190216s9999||||xx |||||||||||||| ||und||
100
_a
Cherukad
245
0
_a
Mulamkootam
260
_b
Null
942
_c
BK
999
_c
23583
_d
23583